000 00276nam a2200097Ia 4500
082 _aJ 576.8 WINS
245 0 _aEvolution revolution : [from Darwin to DNA]
100 _a WINSTON, Robert London, 2009
_983958
942 _cBK
008 210817s9999 xx 000 0 und d
999 _c396523
_d396522